| 000 | 00733nam a2200217 a 4500 | ||
|---|---|---|---|
| 001 | 12727 | ||
| 003 | CO-ViMGA | ||
| 008 | 141112s2004 ck r 000 u spa d | ||
| 020 | _a9582100370 | ||
| 040 |
_aCO-ViMGA _bspa _cCO-ViMGA |
||
| 082 | 0 | 4 | _a498.3 V62 |
| 100 | 1 |
_aHuber, Randall _918386 |
|
| 245 | 1 | 0 |
_aVocabulario comparativo : _bpalabras selectas de lenguas Indígenas de Colombia |
| 250 | _a1 | ||
| 260 |
_aSantafé de Bogotá : _bAsociación Instituto de Verano, |
||
| 300 | _a388p. : il. | ||
| 590 | _aForma de adquisición : DONACION - - Proveedor : BANCO DE LA REPUBLICA - - Fecha de adquisición : 20 - 11 - 2000 - - Ejemplares : 2 | ||
| 650 | 1 | 4 | _aCOLOMBIA |
| 650 | 1 | 4 |
_aLENGUAS INDIGENAS _950756 |
| 942 |
_2ddc _cBK |
||
| 999 |
_c23672 _d23672 |
||